| 000 | 00366nam a2200145 a 4500 | ||
|---|---|---|---|
| 001 | 2655 | ||
| 003 | CDMR | ||
| 005 | 20130116135233.0 | ||
| 008 | 130130s1975||||||||||||||||||||||||||||d | ||
| 040 |
_aCDMR _bcat _cCDMR |
||
| 100 | 1 |
_aVan Bol, Jeane-Marie _91989 |
|
| 245 | 1 | 4 | _aLos medios de comunicación social en Bélgica |
| 260 |
_aBruxelles _c1975 _bGuyot |
||
| 942 | _cMON | ||
| 999 |
_c2655 _d2655 |
||